000 01410cab a22002294i 4500
001 768714001
003 CO-MdFUSB
005 20230404145212.0
008 180713s gt ||||| |||| 00| 0 spa d
022 _a1014-9341
040 _aCO-MdFUSB
_bspa
_cCO-MdFUSB
_dCO-MdFUSB
041 _aspa
100 1 _aCarroll R., M. Daniel
_eautor
245 1 3 _aEl diálogo entre evangélicos y católicos :
_basuntos en torno a la evangelización. Una perspectiva evangélica desde América Latina
_c/ Dr. M. Daniel Carroll Rodas
300 _aNúmero 30 (Enero - Junio, 2002), páginas 91-116
_c: 22 cm
520 _aUna consideración de algunas realidades del contexto histórico, social, teológico y eclesiástico de América Latina ayuda a comprender por qué en este momento de la historia es poco factible un esfuerzo conjunto entre católicos y evangélicos en la evangelización. Por otro lado, alguna cooperación se ha logrado en otras tareas, y mucho más se puede hacer juntos para solucionar los graves problemas sociales de Latinoamérica. Sin embargo, aun en estos proyectos se tendrá que lidiar con los retos contextuales profundamente enraizados.
650 0 _aEvangelización
_9362
650 0 _aCristianismo y otras religiones
_91247
_eCatolicismo
650 7 _aApologética
_9187
773 0 _tKairós
_049489
_961193
_gNúmero 30 (Enero - Junio, 2002), páginas 91-116
_qPágina 91
942 _cANA
999 _c51260
_d51260